[Event "SRB-chT 2nd League West"]
[Site "Kragujevac"]
[Date "2019.10.05"]
[Round "9.5"]
[White "Bojovic, Zoran"]
[Black "Djosic, Slavoljub"]
[Result "0-1"]
[WhiteElo "2097"]
[BlackElo "2293"]
[PlyCount "93"]
[EventDate "2019.09.06"]
[EventType "team-tourn"]
[EventRounds "11"]
[EventCountry "SRB"]
[SourceTitle "EXT 2020"]
[Source "ChessBase"]
[SourceDate "2019.10.17"]
[SourceVersion "1"]
[SourceVersionDate "2019.10.17"]
[SourceQuality "1"]
[WhiteTeam "Aleksandrovac"]
[BlackTeam "Kosovska Mitrovica"]
[WhiteTeamCountry "SRB"]
[BlackTeamCountry "SRB"]

1. e4 e5 2. Nf3 d6 3. d4 Nd7 4. Nc3 c6 5. Be2 Be7 6. 0-0 Ngf6 7. Be3 0-0 8. Nd2 d5 9. exd5 cxd5 10. dxe5 Nxe5 11. Nb3 Be6 12. Nb5 b6 13. N5d4 Bd7 14. Nd2 Qc7 15. h3 Rfe8 16. Re1 a6 17. a4 Ne4 18. N4b3 Ng6 19. Bd4 Nd6 20. Bd3 Nf4 21. Bf1 f6 22. Qf3 Nf7 23. Be3 Bd6 24. Bxf4 Bxf4 25. Qxd5 Bc6 26. Qc4 b5 27. axb5 axb5 28. Rxa8 Rxa8 29. Qe6 Bh2+ 30. Kh1 Be5 31. c3 Rd8 32. Qf5 g6 33. Qc2 Qd7 34. Kg1 Ng5 35. Re3 Qc7 36. Be2 Bf4 37. Rd3 Re8 38. Nd4 Bb7 39. h4 Nf7 40. g3 Bh6 41. Bf3 Ne5 42. Nxb5 Qc5 43. Rd8 Nxf3+ 44. Nxf3 Rxd8 45. Nbd4 Bxf3 46. Nxf3 Qd5 47. Nd4 0-1

[Event "SRB-chT Central"]
[Site "Kragujevac"]
[Date "2018.09.19"]
[Round "8.3"]
[White "Djosic, Slavoljub"]
[Black "Arandjelovic, Aleksandar Z"]
[Result "1-0"]
[WhiteElo "2315"]
[BlackElo "2041"]
[PlyCount "124"]
[EventDate "2018.09.14"]
[EventType "team-tourn"]
[EventRounds "11"]
[EventCountry "SRB"]
[SourceTitle "CBM 186 Extra"]
[Source "ChessBase"]
[SourceDate "2018.08.24"]
[SourceVersion "1"]
[SourceVersionDate "2018.08.24"]
[SourceQuality "1"]
[WhiteTeam "Kosovska Mitrovica"]
[BlackTeam "Pirot Progres"]
[WhiteTeamCountry "SRB"]
[BlackTeamCountry "SRB"]

1. b3 Nf6 2. Bb2 d6 3. g3 Nbd7 4. d4 g6 5. Bg2 Bg7 6. Nf3 0-0 7. 0-0 e5 8. c4 Re8 9. e3 a5 10. Nc3 Ng4 11. Qc2 Rb8 12. Rad1 exd4 13. Nxd4 Nc5 14. h3 Nf6 15. Rfe1 Bd7 16. f4 Re7 17. g4 Ne6 18. Nde2 Bc6 19. e4 Qf8 20. Ba3 Nd7 21. Nd5 Bxd5 22. cxd5 Nec5 23. Nd4 Bxd4+ 24. Rxd4 b6 25. g5 Rbe8 26. Bb2 f6 27. Qc3 h6 28. h4 hxg5 29. hxg5 Rh7 30. gxf6 Qxf6 31. Qg3 Kf8 32. Re2 Qh4 33. Re3 Ree7 34. Rc4 Qxg3 35. Rxg3 b5 36. Rd4 Kf7 37. e5 dxe5 38. fxe5 Nxe5 39. d6 cxd6 40. Rxd6 Ncd7 41. Bd5+ Kf8 42. Ra6 b4 43. Rxa5 Rh4 44. Rb5 Re8 45. a4 bxa3 46. Bxa3+ Kg7 47. Bb2 Kh6 48. Rb7 Ng4 49. Bc3 Ndf6 50. Bd2+ g5 51. Bf3 Rd8 52. Bb4 Ne5 53. Rb6 Rf4 54. Be2 Ng6 55. Rh3+ Kg7 56. Bc3 Nh4 57. Rg3 Rd5 58. Re3 g4 59. Re7+ Kg6 60. Ree6 Rdf5 61. Bd3 Nf3+ 62. Kh1 g3 1-0

[Event "SRB-chT Central"]
[Site "Kragujevac"]
[Date "2018.09.14"]
[Round "1.5"]
[White "Djosic, Slavoljub"]
[Black "Ignjatovic, Predrag"]
[Result "1/2-1/2"]
[WhiteElo "2315"]
[BlackElo "2246"]
[PlyCount "52"]
[EventDate "2018.09.14"]
[EventType "team-tourn"]
[EventRounds "11"]
[EventCountry "SRB"]
[SourceTitle "CBM 186 Extra"]
[Source "ChessBase"]
[SourceDate "2018.08.24"]
[SourceVersion "1"]
[SourceVersionDate "2018.08.24"]
[SourceQuality "1"]
[WhiteTeam "Kosovska Mitrovica"]
[BlackTeam "Sabac"]
[WhiteTeamCountry "SRB"]
[BlackTeamCountry "SRB"]

1. e4 e5 2. Nf3 Nc6 3. Bc4 Bc5 4. c3 Nf6 5. b4 Bb6 6. d3 d6 7. a4 a6 8. Qc2 h6 9. h3 0-0 10. g4 Nh7 11. Rg1 Qf6 12. Qe2 g5 13. Nbd2 Ne7 14. Nf1 Ng6 15. Ne3 Bxe3 16. fxe3 c6 17. Rf1 Qe7 18. a5 Be6 19. Ba3 Rfd8 20. Qg2 d5 21. exd5 cxd5 22. Bb3 Qc7 23. Rc1 Rac8 24. Qf2 Nhf8 25. Bb2 f6 26. Rc2 Qf7 1/2-1/2

[Event "SRB-chT 1st League"]
[Site "Banja Vrujci"]
[Date "2017.09.24"]
[Round "11.5"]
[White "Radovanovic, Dusan"]
[Black "Djosic, Slavoljub"]
[Result "0-1"]
[WhiteElo "2327"]
[BlackElo "2296"]
[PlyCount "80"]
[EventDate "2017.09.16"]
[EventType "team"]
[EventRounds "11"]
[EventCountry "SRB"]
[SourceTitle "EXT 2018"]
[Source "ChessBase"]
[SourceDate "2017.10.13"]
[SourceVersion "1"]
[SourceVersionDate "2017.10.13"]
[SourceQuality "1"]
[WhiteTeam "Pozega"]
[BlackTeam "Kosovska Mitrovica"]
[WhiteTeamCountry "SRB"]
[BlackTeamCountry "SRB"]

1. e4 d6 2. d4 g6 3. Nc3 Bg7 4. f4 a6 5. Nf3 b5 6. Bd3 Bb7 7. a4 b4 8. Ne2 Nd7 9. 0-0 Ngf6 10. Ng3 e5 11. c3 bxc3 12. bxc3 exd4 13. cxd4 0-0 14. f5 c5 15. Rb1 Qc7 16. fxg6 hxg6 17. d5 c4 18. Bc2 Ng4 19. Ng5 Nge5 20. Be3 Nc5 21. Kh1 Bc8 22. Nf5 f6 23. Bxc5 gxf5 24. Bb6 Qe7 25. Ne6 Bxe6 26. dxe6 f4 27. Rxf4 Qxe6 28. Qd5 Qxd5 29. exd5 Bh6 30. Rff1 Ng4 31. Bf5 Ne3 32. Be6+ Kh8 33. Rf3 Rab8 34. a5 c3 35. Rg1 Nc4 36. Bd4 c2 37. Rxf6 Rxf6 38. Bxf6+ Bg7 39. Bg5 Bd4 40. Rc1 Be3 0-1

[Event "SRB-chT 1st League"]
[Site "Banja Vrujci"]
[Date "2017.09.20"]
[Round "7.6"]
[White "Djosic, Slavoljub"]
[Black "Nestorovic, Lazar"]
[Result "1-0"]
[WhiteElo "2296"]
[BlackElo "2402"]
[PlyCount "81"]
[EventDate "2017.09.16"]
[EventType "team"]
[EventRounds "11"]
[EventCountry "SRB"]
[SourceTitle "CBM 180 Extra"]
[Source "ChessBase"]
[SourceDate "2017.10.06"]
[SourceVersion "1"]
[SourceVersionDate "2017.10.06"]
[SourceQuality "1"]
[WhiteTeam "Kosovska Mitrovica"]
[BlackTeam "Vladimirci"]
[WhiteTeamCountry "SRB"]
[BlackTeamCountry "SRB"]

1. e4 c5 2. b4 b6 3. bxc5 bxc5 4. Bb5 e6 5. Nf3 Qc7 6. 0-0 Nf6 7. d3 Be7 8. c4 0-0 9. Nc3 Ne8 10. Ba4 f5 11. e5 Bb7 12. Re1 Nc6 13. Nb5 Qc8 14. Rb1 a6 15. Nc3 d6 16. exd6 Bxd6 17. d4 cxd4 18. Nxd4 Nd8 19. Bxe8 Rxe8 20. Nxf5 Qc6 21. Nd5 Bf8 22. Nd4 Qc5 23. Nb6 Ra7 24. Be3 Qc7 25. Qg4 Qf7 26. Na4 h5 27. Qg3 Ra8 28. Nb6 Ra7 29. Nb3 Be4 30. Rbd1 Nc6 31. Nc5 Bf5 32. Nbd7 Nb4 33. Ne5 Qc7 34. Rd7 Qb8 35. Rxa7 h4 36. Qg5 Qxe5 37. Nd7 Qb2 38. Nxf8 Rxf8 39. Rb7 Rc8 40. a3 Qc3 41. Bd2 1-0

[Event "SRB-chT 1st League"]
[Site "Banja Vrujci"]
[Date "2017.09.16"]
[Round "1.3"]
[White "Solomunovic, Igor"]
[Black "Djosic, Slavoljub"]
[Result "1-0"]
[WhiteElo "2400"]
[BlackElo "2296"]
[PlyCount "57"]
[EventDate "2017.09.16"]
[EventType "team"]
[EventRounds "11"]
[EventCountry "SRB"]
[SourceTitle "CBM 180 Extra"]
[Source "ChessBase"]
[SourceDate "2017.10.06"]
[SourceVersion "1"]
[SourceVersionDate "2017.10.06"]
[SourceQuality "1"]
[WhiteTeam "Gornji Milanovac Metalac"]
[BlackTeam "Kosovska Mitrovica"]
[WhiteTeamCountry "SRB"]
[BlackTeamCountry "SRB"]

1. e4 e5 2. Nf3 Nc6 3. Bb5 f5 4. d3 d6 5. Nc3 Nf6 6. Bg5 Be7 7. exf5 Bxf5 8. d4 0-0 9. Bxc6 bxc6 10. dxe5 dxe5 11. Qxd8 Raxd8 12. Nxe5 Bd6 13. Nxc6 Rde8+ 14. Be3 Ng4 15. 0-0-0 Nxe3 16. fxe3 Rxe3 17. Rhe1 Rfe8 18. Rxe3 Rxe3 19. g3 Rf3 20. Nd4 Rf2 21. Nxf5 Rxf5 22. Ne4 Be5 23. c3 h5 24. Kd2 Kf8 25. Ke3 Ke7 26. Rd5 c6 27. Rc5 Kd7 28. Ke2 g6 29. Ra5 1-0

[Event "SRB-chT2 West CS"]
[Site "Serbia"]
[Date "2016.10.08"]
[Round "9.6"]
[White "Djosic, Slavoljub"]
[Black "Sevic, Slobodan"]
[Result "1-0"]
[WhiteElo "2287"]
[BlackElo "2145"]
[PlyCount "82"]
[EventDate "2016.09.04"]
[EventType "team-tourn"]
[EventRounds "11"]
[EventCountry "SRB"]
[SourceTitle "EXT 2018"]
[Source "ChessBase"]
[SourceDate "2017.10.13"]
[SourceVersion "1"]
[SourceVersionDate "2017.10.13"]
[SourceQuality "1"]

1. e4 c5 2. Nf3 Nc6 3. d3 d6 4. g3 g6 5. Bg2 Bg7 6. 0-0 Nf6 7. Nbd2 0-0 8. c3 Qc7 9. a3 d5 10. Qe2 dxe4 11. dxe4 e5 12. b4 cxb4 13. axb4 Be6 14. h3 a6 15. Ba3 Rfe8 16. Ng5 Nd8 17. Bb2 Rc8 18. Rfc1 h6 19. Nxe6 Nxe6 20. Nf1 Nd7 21. Ne3 Nb6 22. Bf1 Qc6 23. Bg2 Na4 24. Nd5 Nb6 25. Rd1 Nc4 26. Bc1 Rcd8 27. Rd3 Qb5 28. Qd1 Rc8 29. Bf1 Qc6 30. Qf3 Nc7 31. Qd1 Nb5 32. Qb3 Nbd6 33. Bg2 Re6 34. h4 Ree8 35. Ra2 Ra8 36. Be3 Nxe3 37. Rxe3 Nc4 38. Rd3 Rac8 39. Ra1 Qe6 40. Kh2 Qc6 41. Bh3 Ra8 1-0

[Event "SRB-chT2 West"]
[Site "Kragujevac"]
[Date "2015.10.11"]
[Round "11.6"]
[White "Stojkovic, Predrag S"]
[Black "Djosic, Slavoljub"]
[Result "1/2-1/2"]
[WhiteElo "2209"]
[BlackElo "2281"]
[PlyCount "43"]
[EventDate "2015.09.04"]
[EventType "team-tourn"]
[EventRounds "11"]
[EventCountry "SRB"]
[SourceTitle "EXT 2022"]
[Source "ChessBase"]
[SourceDate "2021.10.06"]
[SourceVersion "1"]
[SourceVersionDate "2021.10.06"]
[SourceQuality "1"]

1. d4 d6 2. c4 g6 3. Nf3 Bg7 4. g3 Nc6 5. Bg2 e5 6. dxe5 dxe5 7. Qxd8+ Nxd8 8. Nc3 c6 9. Bd2 Ne7 10. 0-0-0 0-0 11. Ne4 a5 12. Bc3 f6 13. Nc5 Re8 14. h3 Ne6 15. Nd7 b5 16. Nb6 Ra6 17. Nxc8 Nxc8 18. Nd2 f5 19. cxb5 cxb5 20. Bd5 Ne7 21. Bxe6+ Rxe6 22. Kb1 1/2-1/2

[Event "Gligoric Cup 3rd"]
[Site "Kraljevo"]
[Date "2015.05.21"]
[Round "6.2"]
[White "Nestorovic, Nikola"]
[Black "Djosic, Slavoljub"]
[Result "1-0"]
[WhiteElo "2476"]
[BlackElo "2263"]
[PlyCount "65"]
[EventDate "2015.05.16"]
[EventType "team-swiss"]
[EventRounds "7"]
[EventCountry "SRB"]
[SourceTitle "CBM 166 Extra"]
[Source "ChessBase"]
[SourceDate "2015.06.18"]
[SourceVersion "1"]
[SourceVersionDate "2015.06.18"]
[SourceQuality "1"]
[WhiteTeam "Kac Jugovic"]
[BlackTeam "Kosovska Mitrovica"]
[WhiteTeamCountry "SRB"]
[BlackTeamCountry "SRB"]

1. e4 e5 2. Nf3 Nc6 3. Bb5 g6 4. c3 a6 5. Ba4 Bg7 6. d4 Nge7 7. dxe5 Nxe5 8. Nxe5 Bxe5 9. 0-0 0-0 10. f4 Bg7 11. f5 f6 12. Bb3+ Kh8 13. Nd2 d6 14. Bc2 Bd7 15. Nb3 Qc8 16. Qf3 c5 17. Bf4 gxf5 18. Bxd6 Re8 19. Nxc5 Bc6 20. Rad1 b6 21. Nb3 Qb7 22. Rfe1 Ng6 23. Qxf5 Ne5 24. Bxe5 Rxe5 25. Qf4 Be8 26. Nd4 Bh5 27. Rd3 Rc8 28. Rde3 Bg6 29. Nf3 Rh5 30. R3e2 Qe7 31. Bb3 Bh6 32. Qg3 Qc5+ 33. Kh1 1-0

[Event "Gligoric Cup 3rd"]
[Site "Kraljevo"]
[Date "2015.05.16"]
[Round "1.2"]
[White "Lazic, Miroljub"]
[Black "Djosic, Slavoljub"]
[Result "0-1"]
[WhiteElo "2457"]
[BlackElo "2263"]
[PlyCount "55"]
[EventDate "2015.05.16"]
[EventType "team-swiss"]
[EventRounds "7"]
[EventCountry "SRB"]
[SourceTitle "CBM 166 Extra"]
[Source "ChessBase"]
[SourceDate "2015.06.18"]
[SourceVersion "1"]
[SourceVersionDate "2015.06.18"]
[SourceQuality "1"]
[WhiteTeam "Novi Sad"]
[BlackTeam "Kosovska Mitrovica"]
[WhiteTeamCountry "SRB"]
[BlackTeamCountry "SRB"]

1. g3 e5 2. c4 g6 3. Bg2 Bg7 4. Nc3 f5 5. e3 Nf6 6. Nge2 0-0 7. 0-0 Nc6 8. d3 d6 9. Rb1 Kh8 10. b4 Ne7 11. f4 c6 12. Qd2 Be6 13. Bb2 Qc7 14. Rfc1 Rad8 15. Nd1 Bc8 16. Nf2 Rfe8 17. h3 Neg8 18. Kh2 Nh6 19. Ng1 Nf7 20. Nf3 Re7 21. Bc3 Rde8 22. Qb2 Nh5 23. Rc2 Kg8 24. d4 g5 25. Nxg5 Nxg5 26. fxg5 exd4 27. exd4 d5 28. Nh1 0-1

[Event "SRB-chT2 West"]
[Site "Sabac"]
[Date "2014.09.26"]
[Round "2.4"]
[White "Begus, Drasko"]
[Black "Djosic, Slavoljub"]
[Result "0-1"]
[WhiteElo "2327"]
[BlackElo "2240"]
[PlyCount "95"]
[EventDate "2014.09.25"]
[EventType "team-swiss"]
[EventRounds "6"]
[EventCountry "SRB"]
[SourceTitle "EXT 2015"]
[Source "ChessBase"]
[SourceDate "2014.11.20"]
[SourceVersion "1"]
[SourceVersionDate "2014.11.20"]
[SourceQuality "1"]

1. d4 d6 2. g3 Nd7 3. e4 g6 4. Bg2 Bg7 5. Ne2 e5 6. Be3 Ngf6 7. h3 exd4 8. Bxd4 0-0 9. 0-0 Re8 10. Nbc3 Ne5 11. f4 Nc6 12. Bf2 Bd7 13. Qd2 b5 14. a3 a5 15. e5 dxe5 16. Rad1 exf4 17. Nxf4 Ne5 18. b3 Qc8 19. Rfe1 Ra6 20. a4 Rd6 21. Qc1 bxa4 22. bxa4 Bc6 23. Ncd5 Nxd5 24. Nxd5 Bxd5 25. Rxd5 Rxd5 26. Bxd5 Qxh3 27. Qf4 Qd7 28. Bg2 Re6 29. Qe4 h5 30. Qa8+ Kh7 31. Qxa5 Ng4 32. Rxe6 fxe6 33. Qb5 Qd1+ 34. Bf1 Qxc2 35. Qe2 Qxa4 36. Qxe6 Qc2 37. Be2 Ne5 38. Qa6 Qe4 39. Qa2 Nf3+ 40. Kf1 Ng5 41. Qd2 Qh1+ 42. Bg1 Qh3+ 43. Ke1 Qxg3+ 44. Bf2 Qxf2+ 45. Kxf2 Ne4+ 46. Ke1 Nxd2 47. Kxd2 Kh6 48. Ke3 0-1

[Event "SRB Central-ch op"]
[Site "Vrnjacka Banja"]
[Date "2014.03.20"]
[Round "5"]
[White "Djosic, Slavoljub"]
[Black "Andrijevic, Milan"]
[Result "0-1"]
[WhiteElo "2252"]
[BlackElo "2333"]
[PlyCount "68"]
[EventDate "2014.03.17"]
[EventType "swiss"]
[EventRounds "9"]
[EventCountry "SRB"]
[SourceTitle "CBM 159 Extra"]
[Source "ChessBase"]
[SourceDate "2014.04.24"]
[SourceVersion "1"]
[SourceVersionDate "2014.04.24"]
[SourceQuality "1"]

1. e4 c5 2. b4 cxb4 3. Nf3 d5 4. exd5 Qxd5 5. d4 Nc6 6. c4 Qa5 7. Bb2 Nf6 8. d5 Nb8 9. Bd3 e6 10. 0-0 Be7 11. a3 0-0 12. axb4 Qd8 13. dxe6 Bxe6 14. Nd4 Bg4 15. Qb3 Nc6 16. Nxc6 bxc6 17. Na3 Rb8 18. b5 cxb5 19. Nxb5 Bc5 20. Qc2 h6 21. Bc3 Qb6 22. Rxa7 Rbd8 23. Ra2 Bc8 24. Rb2 Qc6 25. Be2 Ne4 26. Bf3 Bf5 27. Qc1 Qg6 28. Kh1 Nxc3 29. Qxc3 Rd3 30. Qe5 Bb6 31. c5 Bd8 32. Nd4 Bc8 33. Be4 Qa6 34. Bxd3 Qxd3 0-1

[Event "SRB Central-ch op"]
[Site "Vrnjacka Banja"]
[Date "2014.03.17"]
[Round "1"]
[White "Bojkovic, Natasa"]
[Black "Djosic, Slavoljub"]
[Result "1-0"]
[WhiteElo "2411"]
[BlackElo "2252"]
[PlyCount "25"]
[EventDate "2014.03.17"]
[EventType "swiss"]
[EventRounds "9"]
[EventCountry "SRB"]
[SourceTitle "CBM 159 Extra"]
[Source "ChessBase"]
[SourceDate "2014.04.24"]
[SourceVersion "1"]
[SourceVersionDate "2014.04.24"]
[SourceQuality "1"]

1. e4 e5 2. Nf3 Nc6 3. Bb5 Nge7 4. 0-0 d6 5. c3 Bd7 6. d4 Ng6 7. d5 Nb8 8. Bxd7+ Nxd7 9. c4 Be7 10. Be3 0-0 11. Nc3 f5 12. exf5 Rxf5 13. Ne4 1-0

[Event "Belgrade-chT"]
[Site "Belgrade"]
[Date "2013.10.22"]
[Round "11.2"]
[White "Djosic, Slavoljub"]
[Black "Popovic, Andrija"]
[Result "0-1"]
[WhiteElo "2253"]
[BlackElo "2229"]
[PlyCount "120"]
[EventDate "2013.10.12"]
[EventType "team-tourn"]
[EventRounds "11"]
[EventCountry "SRB"]
[SourceTitle "EXT 2014"]
[Source "ChessBase"]
[SourceDate "2013.11.20"]
[SourceVersion "1"]
[SourceVersionDate "2013.11.20"]
[SourceQuality "1"]
[WhiteTeam "Belgrade PTT"]
[BlackTeam "GSP Polet"]
[WhiteTeamCountry "SRB"]
[BlackTeamCountry "SRB"]

1. b3 e5 2. Bb2 Nc6 3. g3 g6 4. Bg2 Bg7 5. e3 Qe7 6. Ne2 d6 7. c4 Bf5 8. d3 Qd7 9. h3 h5 10. Nbc3 Nf6 11. a3 0-0 12. b4 Be6 13. Qb3 Nh7 14. 0-0-0 a5 15. b5 Nd8 16. d4 Qe8 17. a4 Rc8 18. Ba3 b6 19. f4 f6 20. Bf3 Qf7 21. d5 Bd7 22. g4 h4 23. Rhf1 Nb7 24. Be4 Qe8 25. fxe5 Qxe5 26. Bxg6 Qxe3+ 27. Kb1 Ng5 28. Bc1 Qxh3 29. Rh1 Qxg4 30. Rhg1 Nc5 31. Qc2 Qxc4 32. Nd4 Qb4+ 33. Bb2 Qc4 34. Bc1 Rce8 35. Bxg5 Qb4+ 36. Qb2 fxg5 37. Bxe8 Rxe8 38. Rxg5 Re3 39. Qxb4 axb4 40. Rdg1 Rg3 41. R1xg3 hxg3 42. Nce2 Ne4 43. Rh5 g2 44. Rh2 g1Q+ 45. Nxg1 Bxd4 46. Nf3 Bg7 47. Rh1 Nc3+ 48. Kb2 Nxd5+ 49. Kb3 Nf4 50. Kxb4 Nd3+ 51. Ka3 Be6 52. Ng5 Bc4 53. Rg1 Nc5 54. Rc1 d5 55. Rg1 Kf8 56. Nh7+ Kf7 57. Ng5+ Ke7 58. Kb4 Bf6 59. Nh7 Bd4 60. Rg2 Nd3+ 0-1

[Event "Belgrade-chT"]
[Site "Belgrade"]
[Date "2013.10.21"]
[Round "10.6"]
[White "Vucinic, Gojko"]
[Black "Djosic, Slavoljub"]
[Result "1-0"]
[WhiteElo "2265"]
[BlackElo "2253"]
[PlyCount "28"]
[EventDate "2013.10.12"]
[EventType "team-tourn"]
[EventRounds "11"]
[EventCountry "SRB"]
[SourceTitle "EXT 2014"]
[Source "ChessBase"]
[SourceDate "2013.11.20"]
[SourceVersion "1"]
[SourceVersionDate "2013.11.20"]
[SourceQuality "1"]
[WhiteTeam "Itaka"]
[BlackTeam "Belgrade PTT"]
[WhiteTeamCountry "SRB"]
[BlackTeamCountry "SRB"]

1. e4 Nf6 2. e5 Nd5 3. d4 d6 4. Nf3 dxe5 5. Nxe5 Nd7 6. Nxf7 Kxf7 7. Qh5+ Ke6 8. c4 N7f6 9. cxd5+ Qxd5 10. Qd1 Kf7 11. Nc3 Qd6 12. Bc4+ e6 13. 0-0 Qb4 14. Qe2 Bd6 1-0

[Event "Belgrade-chT"]
[Site "Belgrade"]
[Date "2013.10.16"]
[Round "5.3"]
[White "Pucarevic, Milenko"]
[Black "Djosic, Slavoljub"]
[Result "1-0"]
[WhiteElo "2198"]
[BlackElo "2253"]
[PlyCount "75"]
[EventDate "2013.10.12"]
[EventType "team-tourn"]
[EventRounds "11"]
[EventCountry "SRB"]
[SourceTitle "EXT 2014"]
[Source "ChessBase"]
[SourceDate "2013.11.20"]
[SourceVersion "1"]
[SourceVersionDate "2013.11.20"]
[SourceQuality "1"]
[WhiteTeam "Romanticari"]
[BlackTeam "Belgrade PTT"]
[WhiteTeamCountry "SRB"]
[BlackTeamCountry "SRB"]

1. Nf3 Nf6 2. g3 g6 3. Bg2 Bg7 4. 0-0 0-0 5. c4 d6 6. d4 Nbd7 7. Nc3 e5 8. dxe5 dxe5 9. Qc2 c6 10. Rd1 Qe7 11. b3 Re8 12. a4 Nc5 13. Ba3 Bf8 14. Nd2 Qc7 15. b4 Ne6 16. e3 a5 17. Nce4 Nd7 18. c5 axb4 19. Bxb4 Be7 20. a5 Rf8 21. Nb3 f5 22. Nd6 Nf6 23. Qc4 Kg7 24. Bc3 e4 25. Be5 Bxd6 26. Bxd6 Qf7 27. Bxf8+ Qxf8 28. Rd6 Nc7 29. Nd4 Ncd5 30. a6 Ne8 31. Rxd5 cxd5 32. Qc3 Kh6 33. a7 Nc7 34. c6 Na6 35. cxb7 Bxb7 36. Qb2 Qe7 37. Qb6 Nc5 38. Nxf5+ 1-0

[Event "Belgrade-chT"]
[Site "Belgrade"]
[Date "2011.10.04"]
[Round "4.4"]
[White "Djosic, Slavoljub"]
[Black "Spiric, Igor"]
[Result "1/2-1/2"]
[WhiteElo "2230"]
[BlackElo "2276"]
[PlyCount "34"]
[EventDate "2011.10.01"]
[EventType "team-tourn"]
[EventRounds "11"]
[EventCountry "SRB"]
[SourceTitle "CBM 144 Extra"]
[Source "ChessBase"]
[SourceDate "2011.10.28"]
[SourceVersion "1"]
[SourceVersionDate "2011.10.28"]
[SourceQuality "1"]
[WhiteTeam "Belgrade PTT"]
[BlackTeam "Romanticari"]
[WhiteTeamCountry "YUG"]
[BlackTeamCountry "YUG"]

1. b3 e5 2. Bb2 Nc6 3. e3 Nf6 4. Bb5 e4 5. d4 a6 6. Be2 d5 7. c4 Bb4+ 8. Nc3 0-0 9. Qc2 Ng4 10. cxd5 Qxd5 11. Nh3 Nf6 12. Nf4 Qd6 13. 0-0-0 Bxc3 14. Qxc3 Nb4 15. Kb1 Nbd5 16. Nxd5 Nxd5 17. Qc5 Be6 1/2-1/2

[Event "Belgrade-chT"]
[Site "Belgrade"]
[Date "2011.10.01"]
[Round "1.5"]
[White "Djosic, Slavoljub"]
[Black "Tatisic, Milan"]
[Result "1-0"]
[WhiteElo "2230"]
[BlackElo "2211"]
[PlyCount "53"]
[EventDate "2011.10.01"]
[EventType "team-tourn"]
[EventRounds "11"]
[EventCountry "SRB"]
[SourceTitle "CBM 144 Extra"]
[Source "ChessBase"]
[SourceDate "2011.10.28"]
[SourceVersion "1"]
[SourceVersionDate "2011.10.28"]
[SourceQuality "1"]
[WhiteTeam "Belgrade PTT"]
[BlackTeam "Bogoslov"]
[WhiteTeamCountry "YUG"]
[BlackTeamCountry "YUG"]

1. b4 Nf6 2. Bb2 d5 3. e3 Bf5 4. Nf3 Nbd7 5. Be2 e6 6. a3 a5 7. b5 Bd6 8. Nh4 Bg6 9. f4 0-0 10. 0-0 Ne4 11. Nxg6 hxg6 12. d3 Nef6 13. Nd2 Bc5 14. Rf3 c6 15. d4 Bd6 16. Rh3 Re8 17. Qe1 Nf8 18. g4 g5 19. Qf2 N8h7 20. Rf1 Qc7 21. Bd3 g6 22. fxg5 Nxg5 23. Rh8+ Kxh8 24. Qxf6+ Kh7 25. Qxg5 Bxh2+ 26. Kg2 Rh8 27. Rf3 1-0

[Event "SRB Central-ch op-A 4th"]
[Site "Paracin"]
[Date "2011.07.13"]
[Round "7"]
[White "Weinzettl, Ernst"]
[Black "Djosic, Slavoljub"]
[Result "0-1"]
[WhiteElo "2335"]
[BlackElo "2213"]
[PlyCount "78"]
[EventDate "2011.07.08"]
[EventType "swiss"]
[EventRounds "9"]
[EventCountry "SRB"]
[SourceTitle "CBM 143 Extra"]
[Source "ChessBase"]
[SourceDate "2011.08.29"]
[SourceVersion "1"]
[SourceVersionDate "2011.08.29"]
[SourceQuality "1"]

1. e4 e5 2. Bc4 Nf6 3. d3 c6 4. Nf3 Be7 5. 0-0 d6 6. a4 0-0 7. Re1 Nbd7 8. Nbd2 Qc7 9. c3 d5 10. Bb3 Bd6 11. Nf1 Nc5 12. Bc2 dxe4 13. dxe4 Re8 14. Ng3 Ne6 15. Nf5 Bf8 16. N3h4 Nf4 17. g3 Ng6 18. Bg5 Nxh4 19. Bxh4 Nd7 20. Qf3 g6 21. Ne3 Bg7 22. Ng4 h5 23. Ne3 Nf8 24. Nf5 Nh7 25. Nxg7 Kxg7 26. Qe3 f6 27. g4 Bxg4 28. h3 Be6 29. Kh2 g5 30. Rg1 Kh8 31. Bd1 Bf7 32. Bg3 Qb6 33. Qxb6 axb6 34. h4 gxh4 35. Bxh4 Red8 36. Rg3 Rd2 37. Rf3 Kg7 38. Re3 Rad8 39. Be2 Rxb2 0-1

[Event "SRB Central-ch op-A 4th"]
[Site "Paracin"]
[Date "2011.07.12"]
[Round "5"]
[White "Indjic, Aleksandar"]
[Black "Djosic, Slavoljub"]
[Result "1-0"]
[WhiteElo "2373"]
[BlackElo "2213"]
[PlyCount "51"]
[EventDate "2011.07.08"]
[EventType "swiss"]
[EventRounds "9"]
[EventCountry "SRB"]
[SourceTitle "CBM 143 Extra"]
[Source "ChessBase"]
[SourceDate "2011.08.29"]
[SourceVersion "1"]
[SourceVersionDate "2011.08.29"]
[SourceQuality "1"]

1. d4 g6 2. e4 Bg7 3. c3 d6 4. Bd3 e5 5. Ne2 Ne7 6. 0-0 0-0 7. f4 exd4 8. Nxd4 c5 9. Nf3 d5 10. exd5 Qxd5 11. Qe2 Nbc6 12. Na3 Bf5 13. Bc4 Qd8 14. Be3 b6 15. Rad1 Qb8 16. Rfe1 a6 17. Bxa6 Bxc3 18. bxc3 Qa7 19. Bc4 Qxa3 20. Bc1 Qa7 21. Ng5 h6 22. Ne4 Bxe4 23. Qxe4 Rad8 24. Rxd8 Rxd8 25. f5 Nxf5 26. Qxc6 1-0

[Event "SRB Central-ch op-A 4th"]
[Site "Paracin"]
[Date "2011.07.09"]
[Round "3"]
[White "Zekaj, Dritan"]
[Black "Djosic, Slavoljub"]
[Result "0-1"]
[WhiteElo "2120"]
[BlackElo "2213"]
[PlyCount "36"]
[EventDate "2011.07.08"]
[EventType "swiss"]
[EventRounds "9"]
[EventCountry "SRB"]
[SourceTitle "CBM 143 Extra"]
[Source "ChessBase"]
[SourceDate "2011.08.29"]
[SourceVersion "1"]
[SourceVersionDate "2011.08.29"]
[SourceQuality "1"]

1. e4 e5 2. Nc3 Nf6 3. f4 d5 4. fxe5 Nxe4 5. Nf3 Be7 6. Bd3 Nc5 7. Qe2 Nxd3+ 8. Qxd3 c6 9. 0-0 0-0 10. Ne2 f6 11. Ng3 Nd7 12. Qe2 fxe5 13. Nxe5 Rxf1+ 14. Kxf1 Nxe5 15. Qxe5 Bd6 16. Qe3 Bd7 17. d4 Qh4 18. Bd2 Qxh2 0-1